| 000 | 00647nam a2200217 a 4500 | ||
|---|---|---|---|
| 001 | 000008320 | ||
| 005 | 20200929161327.0 | ||
| 008 | 090916s1984 dr a 001 0 spa d | ||
| 040 | _aDO-SdBNP | ||
| 082 |
_a760 _bG633a |
||
| 100 | 1 |
_aGómez Monegro, Santiago _922483 |
|
| 245 | 1 | 0 |
_aArtes gráficas y diagramación / _cSantiago Gómez Monegro. |
| 260 |
_aSanto Domingo, : _bUASD, _c1984. |
||
| 300 |
_a76 p. : _bil ; _c27 cm. |
||
| 490 | 1 |
_aManuales de comunidad _v1 |
|
| 650 | 4 |
_aArtes gráficas _922484 |
|
| 650 | 4 |
_aImprenta _95083 |
|
| 650 | 4 |
_aComposición tipográfica _922485 |
|
| 830 | 0 |
_aManuales de comunidad _n1 _922486 |
|
| 049 | _aBNPD | ||
| 999 |
_c8091 _d8091 |
||